Statistics for Grammar Quiz #4

Click here to take the quiz!

General Stats

  • This quiz has been taken 316 times
  • The average score is 9 of 12

Answer Stats

QuestionAnswer% Correct
Which of the following is an adverb?Quickly
92%
(Its/It's) (your/you're) birthday today.It's, your
91%
Which of these groups of words are all pronouns?Their, they, she, her
88%
Which of these punctuation marks is called 'ellipsis?'...
86%
Which of these groups of words are all conjunctions?And, but, yet
86%
Which of these groups of words are all correct past tense?Ran, jumped, skipped
83%
I (am/is/are) going to a party tonight.Am
82%
Which of these pairs of words are homophones?Allowed, aloud
79%
Which of these words is a preposition?On
74%
The book over (their/they're/there) is very old.There
70%
They (am/was/were/are) going to a party tonight, but it was cancelled.Were
67%
Which of these pairs of words are homonyms?Bat, bat
34%

Score Distribution

Percentile by Number Answered

Percent of People with Each Score

Your Score History

You have not taken this quiz